| 000 | 00443nam a2200145 a 4500 | ||
|---|---|---|---|
| 001 | 3957 | ||
| 003 | CDMR | ||
| 005 | 20130805132438.0 | ||
| 008 | 130130s1999||||||||||||||||||||||||||||d | ||
| 040 |
_aCDMR _bcat _cCPC LLEIDA |
||
| 245 | 0 | 0 |
_aAntoni Rovira i Virgili _b: 1882-1949 _c[selecció a cura de: Teresa Rovira i Lluís Duran] |
| 260 |
_aBarcelona _c1999 _bGeneralitat de Catalunya |
||
| 600 | 1 |
_9139 _aRovira i Virgili, Antoni |
|
| 942 |
_cMON _2ddc |
||
| 999 |
_c3957 _d3957 |
||